Justicia deportiva

Bibliographic Details
Main Author: Hernǹdez Gonzl̀ez, David
Other Authors: Montenegro Gonzl̀ez, Sadara
Format: eBook
Language:Spanish
Published: Ciudad de Mx̌ico: Cm̀ara de Diputados, 2010
Subjects:
Online Access:Acceso restringido

MARC

LEADER 00000nam a22000007a 4500
005 20171122171554.0
007 cr|||| ||||
008 171122s2010 mx |||||s|||| 00||0 spa d
020 |a 978-607-401-268-2 
035 |a 20864 
040 |a vLex 
090 |c 7232  |d 7232 
100 1 |a Hernǹdez Gonzl̀ez, David 
245 1 0 |a Justicia deportiva  |h [Recurso electrn̤ico] /  |c David Hernǹdez Gonzl̀ez; Sadara Montenegro Gonzl̀ez 
256 |a Servicio en ln̕ea 
260 |a Ciudad de Mx̌ico:  |b Cm̀ara de Diputados,  |c 2010 
300 |a 1 recurso electrn̤ico (132p.) 
506 1 |a Disponible solo en los productos indicados  |d vLex Global  |d vLex Global (Academic Edition, excluding Law Schools)  |d vLex Global (U.S. Academic Edition, Law Schools)  |d vLex Global (U.S. Academic Edition, excluding Law Schools)  |d vLex Global (Academic Edition, Law Schools) 
650 0 4 |a Derecho Procesal  |z Mx̌ico 
650 0 4 |a Deportes  |z Mx̌ico 
700 1 |a Montenegro Gonzl̀ez, Sadara 
740 0 |a vLex Libros (Servicio en ln̕ea) 
856 4 0 |u http://vlex.com/source/justicia-deportiva-20864  |z Acceso restringido 
942 |c BOOK 
999 0 |a Procedure (Law) 
999 0 |a Sports